000 00506nam a2200145Ia 4500
008 231217s9999 xx 000 0 und d
041 _aEnglish
082 _a658.5 KHA;2
100 _aKhanna, O P. Sarup, A.
245 0 _aIndustrial engineering and management : with an appendix introducing ISO 9000 quality systems
260 _c1992
_bDhanapat Rai
_aNew Delhi
300 _axxiv+1.1-A29
650 _aIndustrial,engineering,management,an,appendix,introducing,ISO,9000,quality,systems
942 _cAA
999 _c172025
_d172025